Catalog

Record Details

Catalog Search



Menschenrechte als weltgesellschaftliche Herrschaftspraxis : zur Konstitutionalisierung und Demokratisierung des Weltrechts  Cover Image Book Book

Menschenrechte als weltgesellschaftliche Herrschaftspraxis : zur Konstitutionalisierung und Demokratisierung des Weltrechts / Nadja Meisterhans

Meisterhans, Nadja (Author).

Record details

  • ISBN: 978-3-8329-5124-5
  • Physical Description: 151 s. ; 21 cm
  • Edition: 1. Aufl.
  • Publisher: Baden-Baden : Nomos, 2010

Available copies

  • 1 of 1 copy available at Common Catalog SPOK.

Holds

  • 0 current holds with 1 total copy.
Show Only Available Copies
Location Call Number / Copy Notes Barcode Shelving Location Status Due Date
Jabok Library ET-9.2/M 424480024073 Odborná literatura Available -

LDR 00676nam a22 a 4500
0016811
003CZ-PrJAB
00520190624122631.0
008100803s2010 gw e |||| |ger
020 . ‡a978-3-8329-5124-5
040 . ‡aABG312 ‡bcze
072 7. ‡a341 ‡xMezinárodní právo ‡2Konspekt ‡916
1001 . ‡aMeisterhans, Nadja ‡4aut
24510. ‡aMenschenrechte als weltgesellschaftliche Herrschaftspraxis : ‡bzur Konstitutionalisierung und Demokratisierung des Weltrechts / ‡cNadja Meisterhans
250 . ‡a1. Aufl.
260 . ‡aBaden-Baden : ‡bNomos, ‡c2010
300 . ‡a151 s. ; ‡c21 cm
6530 . ‡alidská práva ‡amezinárodní právo ‡auniverzální princip
910 . ‡aABG312
995 . ‡aska
901 . ‡a6811 ‡bUnknown ‡c6811 ‡tbiblio

Additional Resources